000 00814 a2200217 4500
008 240605b mp ||||| |||| 00| 0 mon d
020 _a978-99962-0-522-4
035 _a4821
040 _aHE0623081
_bmon
_cMN-UlNLM
_dMN-UlNLM
_erda
041 _amon
042 _a16124
084 _2NNA
_a28.69
_bУ.305
245 0 _aАмьтдын амьдрал
264 _aУБ.
_bМонсудар ХГ
_c2012
300 _a512х.
336 _2rdacontent
_atext
_btxt
337 _2rdamedia
_aunmediated
_bn
338 _2rdacarrier
_avolume
_bnc
650 _aАмьтдын амьдрал ном нь хэдэн зуун төрөл зүйлийн амьтад яагаад, мөн хэрхэн өөр өөр зан араншинтай байдгийг нээн таниулсан бүтээл ...
942 _2NNA
_cBK
999 _c877202
_d877259